000 00620nam a2200181Ia 4500
008 100917s9999 xx 000 0 und d
082 _b20892
100 _aसरदेसाई गो. स.
245 _aहिंदुस्थानचा प्रथमिक इतिहास
260 _b---
_c1937
300 _a304
365 _b1
520 _aइतिहास
630 _aहिंदुस्थानचा प्रथमिक इतिहास
650 _aइतिहास
730 _aहिंदुस्थानचा प्रथमिक इतिहास
942 _cBOOK
999 _c626286
_d626283